1765 1440 1190 1333 1925 1470 1267 1910 1712 1022 1646 1530 1357 1174 1246 1357 1942 1065 1648 1578 1523 1352 1887 1961 1934 1584 1566 1465 1863 1581 1297 1120 1735 1370 1585 1954 1996 1898 1569 1480 1842 1082 1176 1330 1187 1148 1849 1724 1455 1966 1041 1147 1226 1919 1903 1297 1461 1152 1928 1678 1394 1600 1095 1827 1417 1590 1711 1495 1782 1732 1811 1430 1409 1911 1066 1451 1414 1703 1374 1060 1321 1249 1388 1970 1156 1856 1732 1240 1868 1477 1740 1394 1980 1664 1627 1144 1374 1980 1137 BCNSPRNW ULIB Ver.6.0+V

เปลี่ยนเป็นภาษาไทย

Change to English
 แสดงรายละเอียดบรรณานุกรม
  กลับหน้าหลัก

Brief Record : Get Marc (ISO 2709) : E-mail record : QR code < ปิดหน้าต่าง
LEADER : 00000nam 2200000uu 4500
001    13399109345
003     ULIB
008    110329s2551||||th 000 0 tha d
020    9789744512444
060  4 WA754^bน473ห
100 0  นายรอบคอบ
245 10 หนังสือชุดรู้ทันภัย ตอน ภัยร้ายในอพาร์ทเม้นท์ /^cโดยนายรอบคอบ
246 30 ภัยร้ายในอพาร์ทเม้นท์
250    พิมพ์ครั้งที่ 1
260    กรุงเทพฯ :^bวาไรตี้ มีเดีย,^c2551
300    84 หน้า ;^c20 ซม.
440  0 หนังสือชุดรู้ทันภัย
650  7 อุบัติภัย
650  7 อุบัติเหตุ^xการป้องกัน
650  7 ความปลอดภัย
945    ^p75^l0^i025139
995    ทศพร
999 ^a ใช้งานได้ทุกระบบ
รายการนี้ยังไม่มีแท็ก
คุณยังไม่ได้ล็อกอิน คุณสามารถมีกิจกรรมร่วมกับเว็บไซต์ได้ แต่ต้องล็อกอินก่อน ::
  ล็อกอิน

รายการสื่อสารสนเทศ

ลำดับที่ ประเภท เลขเรียก/บาร์โค้ด สถานที่ สถานะ
- ไม่พบข้อมูล -

รายการใกล้เคียง
    ผู้แต่ง [นายรอบคอบ]

    หัวเรื่อง [อุบัติภัย]
    หัวเรื่อง [ความปลอดภัย]

BibComment


ยังไม่เคยถูกคอมเมนท์

คอมเมนท์ทรัพยากรรายการนี้
  คอมเมนท์: หนังสือชุดรู้ทันภ..


 Copyright 2026. Bcnsprnw @Library